000
00249nam a2200085Ia 4500
245
0
_a
Timmins-gids tot egskeiding in Suid-Afrika
100
_a
VAN WYK, Gerrit KAAPSTAD, 1988
_9
112964
942
_c
BK
008
210825s9999 xx 000 0 und d
999
_c
527192
_d
527191